000
00335nam a2200133Ia 4500
008
150201s2014 xx 000 0 und d
082
_a
616.07
_b
P2010M
100
_a
MARWAHA ,KOMAL
245
_a
PRACTICAL HEAMATOLOGY FOR BDS
250
_a
1ST
260
_b
JAYPEE BROTHERS MEDICAL PUBLISHERS
650
_a
PATHOLOGY
942
_2
ddc
_c
BK
999
_c
4863
_d
4863